MARC

LEADER 00000nam0a2200000 4500
001 301776
005 20231102001432.0
035 |a (RuTPU)RU\TPU\book\326953 
090 |a 301776 
100 |a 20150813d1982 k y0rusy5003 ca 
101 0 |a rus 
102 |a RU 
105 |a a z 001zy 
200 1 |a Сооружение резервуаров и оболочек. Сварочные работы  |e сборник научных трудов  |f Всесоюзный научно-исследовательский институт по монтажным и специальным строительным работам ; под ред. Б. В. Поповского ; Ю. В. Соколова 
210 |a Москва  |c Изд-во ВНИИмонтажспецстрой  |d 1982 
215 |a 109 с.  |c ил. 
320 |a Библиография в конце статей 
606 1 |a Сварочные работы  |2 stltpush  |3 (RuTPU)RU\TPU\subj\72798  |9 86192 
606 1 |a Резервуары  |x Монтаж  |x Строительная механика  |2 stltpush  |3 (RuTPU)RU\TPU\subj\24584  |9 48905 
610 1 |a параметры 
610 1 |a обечайки 
610 1 |a изготовление 
610 1 |a мягкие полотнища 
610 1 |a расчет 
610 1 |a оборудование 
610 1 |a резервуары 
610 1 |a биметаллы 
610 1 |a сварные соединения 
610 1 |a магнитное поле 
610 1 |a сталь 
610 1 |a трещиностойкость 
675 |a 621.791  |v 4 
675 |a 624.95  |v 4 
702 1 |a Поповский  |b Б. В.  |4 340 
702 1 |a Соколов  |b Ю. В.  |4 340 
712 0 2 |a Всесоюзный научно-исследовательский институт по монтажным и специальным строительным работам  |2 stltpush  |3 (RuTPU)RU\TPU\col\12662  |9 25494 
801 0 |a RU  |b RuMRKP  |c 19950704  |g psbo 
801 1 |a RU  |b 63413507  |c 20150813 
801 2 |a RU  |b 63413507  |c 20170808  |g RCR 
942 |c BK